000 00581nam a2200181Ia 4500
008 131103s9999 xx 000 0 und d
040 _aLoreto College
041 _aEnglish
082 _a943/FIN
_bLCLIB/24771
100 _aFinley,Ralph
245 _aModern German history
_b with two additional chapters covering the war of 1939 - 45 and the post - war years
_cRalph Fley
260 _aLondon
_bMethuen & Co.
_c1955
300 _axiv,maps
_b 17 cm.
504 _aIncludes bibliographical references and index
650 _aGermany - History
850 _aLCLIB
942 _cBK
999 _c8359
_d58838